000 00618nam a2200205 4500
001 113942
003 ES-MaACL
005 20240418112139.0
007 t|
008 061121s1973 sp r ||||1| spa d
100 1 _aPalma, Marigloria.
_988613
245 1 4 _aLos cuarenta silencios
_b: (burlismo) /
_cMarigloria Palma.
260 _aCarboneras de Guadazaón (Cuenca) :
_bEl Toro de Barro,
_c1973.
300 _a66 p. ;
_c18 cm.
490 1 _aEl toro de barro ;
_v27
830 0 _aColección El Toro de Barro ;
_v27
_9226760
852 _aES-MaACL
_jC-56211
_bR.88869
942 _2udc
999 _c113942
_d113942